02397nkc a2200337za 450000100060000000300040000600500170001000700070002700800410003404000240007510000330009924500370013226000240016930001000019350003210029350001920061450000650080650001340087150001690100550400520117450500350122651001510126151002100141256101300162261000410175265100190179365500320181270000530184485200120189785601500190984472OSt20260319094205.0kh boc250410s19101911sp ||||| ||||||0| i|spa d aM-RABAbspacM-RABA1 aElorza, Lorenzod(1861-1931)10aHueto Abajob: Ábsidec/ L. E. c[ca. 1910 – 1911] a1 fotografíab: gelatina de platac; imagen 12 x 16,5 cmc; soporte secundario 21,5 x 26,5 cm aVista del ábside de la iglesia parroquial de San Vicente en Hueto Abajo, donde se aprecia el cuerpo central con tres ochavos fronteros en sillería y mampostería, separados por cuatro medias columnas. Tres vanos con arcos ligeramente apuntados se abren en los ochavos con arquivoltas y trasdoses de medio punto. aFotografía montada sobre soporte secundario de cartulina azul enmarcada con orla en relieve. Título y numeración manuscrita que hace referencia a la posición en la serie “90”. aSello con monograma del fotógrafo en tinta roja “L.E.” aFechas tomadas de la ejecución del positivo de las fotografías, incluido el soporte secundario. (Soto Madrazo, Javier. 2008). aForma parte de un conjunto de 167 fotografías empleadas por Federico Baráibar Zumárraga para la elaboración del Inventario del Románico en Álava (1911). aBaraibar, F.: "Rincones artísticos", M. 1914. aHueto-abajo- Ábside. / L. E. aDescripción tomada de: Soto Madrazo, Javier (2008). Federico Baraibar y el Inventario del Románico en Álava: una caja con 167 fotografías. aEsta colección fue utilizada posteriormente por Cristóbal de Castro para la elaboración y publicación del "Catálogo Monumental de España: provincia de Álava", Madrid, S. de Rivadeneira, 1915. aDonadas junto con la memoria manuscrita a la Academia por el mismo Baraibar (Sesión 12 de febrero de 1912, Archivo: 4-32-1)24aIglesia de San Vicente (Hueto Abajo) 7aÁlava2embne 0aFotografías de monumentos1 aBaráibar y Zumárraga, Federico d(1851-1918) jFot-199 3Fot-199uhttps://archivoybiblioteca.realacademiabellasartessanfernando.com/cgi-bin/koha/opac-retrieve-file.pl?id=a7271bf06df1d64a03849a5a6f9b06af